| 000 | 01995cam a22004814i 4500 | ||
|---|---|---|---|
| 003 | PE-LiUPU | ||
| 005 | 20250731173056.0 | ||
| 008 | 150623s r 000 0 d | ||
| 020 | _a0802482422 | ||
| 035 | _a(Sirsi) i9780802482426 | ||
| 040 |
_aPE-LiUPU _bspa _cPE-LiUPU _erda |
||
| 049 | _aPRUA | ||
| 082 | 0 | 4 |
_a248.4 _bB94 _221 |
| 100 | 1 |
_aBurkett, Larry, _eautor. |
|
| 245 | 1 | 0 |
_aDamaged but not broken : _ba personal testimony of how to deal with the impact of cancer / _cLarry Burkett con Michael E. Taylor. |
| 264 | 1 |
_aChicago, Illinois : _bMoody Press, _c1996. |
|
| 300 |
_a249 páginas : _bilustraciones foto, gráficos ; _c23 centímetros |
||
| 336 |
_atext _2rdacontent |
||
| 337 |
_aunmediated _2rdamedia |
||
| 338 |
_avolume _2rdacarrier |
||
| 505 | 0 | _aMy new golf handicap: an aching shoulder!. -Suspect another tumor. -talking about it. -What will happen to the ministry if..?. -Surgery. -Do you really trust God?. -Coping with pain and suffering. -Thoughts from judy burkett. .-The search for an alternative tratment. -Physicians' perspectives on alternative treatment. -What to do when your money runs out. -Time out!. -cards and letters. | |
| 526 | _aSEG42 | ||
| 526 | _aSEG41 | ||
| 526 | _aSEG40 | ||
| 526 | _aSEG39 | ||
| 526 | _aP94 | ||
| 526 | _aP87 | ||
| 526 | _aP86 | ||
| 526 | _aP85 | ||
| 526 | _aP77 | ||
| 526 | _aP76 | ||
| 526 | _aP35 | ||
| 600 | 1 | _aBurkett, Larry | |
| 650 | 0 | 4 |
_aCáncer _xCristianismo. |
| 650 | 0 | 4 |
_aCáncer _xPacientes _xVida religiosa. |
| 700 | 1 |
_aTaylor, Michael E., _d1954-, _eautor. _qMichael Eugene. |
|
| 942 |
_2ddc _cBOOK |
||
| 949 |
_a248.4 B94 _wDEWEY _c1 _i48617 _lCCODEBUL1 _mBUL _r0 _sY _tBOOK _u2015-6-24 _xTEOLOGIA _PP35 _0COMPRA _o.STAFF. Colección General |
||
| 994 |
_aC0 _bPEPRU |
||
| 596 | _a1 | ||
| 999 |
_a248.4 B94 _wDEWEY _c27786 _i48617 _f2021-11-10 _g5 _lCCODEBUL1 _mBUL _r0 _sY _tBOOK _u2015-6-24 _xTEOLOGIA _PP35 _0COMPRA _o.STAFF. Colección General _d27786 |
||
| 980 |
_81 _gALBERTO SANCHEZ Responsable de Automatización |
||